World Capitals of Island Countries - Statistics

General Stats
  • This quiz has been taken 189 times
    177 since last reset
  • The average score is 39 of 47
Answer Stats
Capital % Correct
London
96%
Dublin
95%
Tokyo
95%
Port-au-Prince
93%
Valletta
93%
Wellington
93%
Havana
92%
Jakarta
92%
Manila
91%
Nicosia
91%
São Tomé
91%
Port Moresby
90%
Reykjavík
90%
Antananarivo
89%
Saint John's
89%
Santo Domingo
87%
Singapore
87%
Taipei
87%
Kingston
86%
Kingstown
86%
Port of Spain
86%
Victoria
86%
Malé
85%
Nassau
85%
Praia
84%
Port Louis
82%
Saint George's
82%
Suva
81%
Nukuʻalofa
80%
Port Vila
80%
Apia
79%
Castries
79%
Basseterre
78%
Roseau
78%
Sri Jayawardenepura Kotte
78%
Yaren
78%
Bridgetown
77%
Dili
76%
Funafuti
76%
Moroni
75%
Bandar Seri Begawan
74%
Ngerulmud
74%
Manama
71%
Palikir
71%
Honiara
69%
Majuro
69%
South Tarawa
65%
No matching quizzes found
Score Distribution
Percent of People with Each Score
Percentile by Number Answered
Your Score History
You have not taken this quiz since the last reset